| 000 | 01330nam a22003497a 4500 | ||
|---|---|---|---|
| 003 | CHAP | ||
| 005 | 20220817041618.0 | ||
| 008 | 971013s1984 r 00010 d | ||
| 010 | _a19698 | ||
| 011 | _a20670 | ||
| 035 | _a24758 | ||
| 040 | _cCHAP | ||
| 082 |
_a551.5 _bC4 |
||
| 110 | _aCentro Internacional de Mejoramiento de Maíz y Trigo | ||
| 245 |
_aCompendium of selected meteorological data for the El Batan _b: Poza Rica, Tlaltizapan and Toluca experiment stations |
||
| 260 |
_aMéxico, D.F. : _bEl Centro, _c1984 |
||
| 300 | _a94 p. | ||
| 590 |
_aBATCH-UPD _b10 _c20130110 _lUCH01 _h2155 |
||
| 590 |
_aBATCH-UPD _b10 _c20130410 _lUCH01 _h1503 |
||
| 590 |
_aBATCH-UPD _b10 _c20130914 _lUCH01 _h1815 |
||
| 590 |
_aCONVERSION _b10 _c20130109 _lUCH01 _h1312 |
||
| 650 | 1 | 4 |
_aMeteorología _xMéxico (Edo.) _975207 |
| 650 | 1 | 4 |
_aMeteorología _xVeracruz. _975214 |
| 901 | _aBK | ||
| 942 | _cLIBRO | ||
| 949 |
_a551.5 C4 _bBC _cC _d33724000688057 _eC _fc.6 _h74721 _i24758 _si |
||
| 949 |
_a551.5 C4 _bBC _cC _d33724000755666 _eC _fc.2 _h74717 _i24758 _sb |
||
| 949 |
_a551.5 C4 _bBC _cC _d33724000755948 _eC _fc.4 _h74719 _i24758 _sb |
||
| 949 |
_a551.5 C4 _bBC _cC _d33724000755963 _eC _fc.3 _h74718 _i24758 _sb |
||
| 949 |
_a551.5 C4 _bBC _cC _d33724000755971 _eC _fc.5 _h74720 _i24758 _sb |
||
| 949 |
_a551.5 C4 _bBC _cC _d33724000903241 _eC _h67402 _i24758 _si |
||
| 999 |
_c19698 _d19698 |
||